| 000 | 00383nam a2200157Ia 4500 | ||
|---|---|---|---|
| 008 | 260223s2025 xx 000 0 und d | ||
| 020 | _a9789386006271 | ||
| 041 | _aeng | ||
| 082 | _a428.24/PAD | ||
| 100 | _aPadmavathi.M . | ||
| 245 | _aFacilitating English For Nurses | ||
| 250 | _a2nd ed. | ||
| 260 |
_aB.S.B. Pune _bEMMESS,Pub _c2025 |
||
| 300 | _a160P | ||
| 650 | _aEnglish | ||
| 999 |
_c1216676 _d1216676 |
||